Culture Générale - Série 2650 - Statistiques

Statistiques générales
  • Ce quiz a été pris 46 fois
  • Le résultat moyen est 2 sur 10
Statistiques - réponses
Question Réponse % Correct
Dans quel pays du Moyen-Orient se trouve la ville d'Irbid, anciennement Arabella ? Jordanie
56%
Dans quel département se trouve la commune de Gisors ? Eure
37%
Quel acteur a obtenu en 1977 le césar du meilleur acteur pour son rôle de vagabond-tueur dans "Le juge et l'assassin" de Bertrand Tavernier ? prénom et nom Michel Galabru
26%
De quelle île de l'Atlantique Douglas est-elle la capitale ? Man
21%
Quel est l'autre nom de l'étoile de mer ? astérie
19%
Grosse mouche dont les larves peuvent vivre en parasites (des moutons, des chevaux) - 6 lettres commençant par " o " oestre
19%
Cette chaîne de montagne du Massif central située dans les départements de la Loire, la Haute-Loire et du Puy-de-Dôme est appelée "les monts du ... Forez
16%
Terme littéraire ou historique pour désigner un tueur à gages. Il a également désigné les activistes juifs opposés aux Romains sicaire
12%
Rivière du Nord-Ouest de la France.112 km environ. Départements traversés : Seine-Maritime (76), Oise (60), Val d'Oise (95) Epte
0%
Lors de la guerre de 14-18, comment s'appelait la chienne errante qui fut adoptée sur le champ de bataille par des soldats français ? Mirza
0%
Aucun quiz correspondant
Distribution des résultats
% des personnes avec chaque résultat
Percentile par nombre de réponses
Votre historique - résultats
Vous n’avez pas pris ce quiz